00534 a2200169 450000500170000001000150001702000300003203500140006203700160007608200150009210000160010724500420012325000090016526000410017427001270021530000220034220211207114112.0 aENG-130216 c995.00a978-81-92485-46-1 aEN-113748 bDBAD / PUB a954.035092 aVerma, B.C. aSARDAR VALLABHBHAI PATEL:cB.C. Verma a2015 aDarya GanjbNisha Publicationsc2015 bNew Delhimsales@nishabookdistributors.comaG-11 A 4754/23, Akarshan Bhawan, Ansari Road, Darya Ganje110002k011-29258681 a296p.c22cm (hbk)